[Event "RA Tandem Active"]
[Site "Ottawa CAN"]
[Date "2002.04.18"]
[Round "5"]
[White "Veltmann, Alfred"]
[Black "Page, Peter"]
[Result "1-0"]
[WhiteElo "1735"]
[BlackElo "1454"]
[PlyCount "55"]
[EventDate "2002.04.04"]
[EventType "swiss"]
[EventRounds "6"]
[EventCountry "CAN"]

1. Nf3 d5 2. c4 e6 3. d4 Nf6 4. Nc3 Bb4 5. Bd2 O-O 6. e3 Nc6 7. Qc2 Bxc3 8.
bxc3 Ne4 9. Bc1 b6 10. Bd3 f5 11. Ba3 Rf7 12. cxd5 Qxd5 13. Bxe4 fxe4 14. Nd2
Qg5 15. Qxe4 Bd7 16. h4 Qf6 17. f4 Re8 18. Nf3 h6 19. Ne5 Nxe5 20. dxe5 c5 21.
exf6 Rxf6 22. c4 h5 23. Bb2 Rf7 24. Rb1 Ref8 25. O-O Bc8 26. Qg6 Ba6 27. g4
Bxc4 28. gxh5 1-0

[Event "RA Tandem Active"]
[Site "Ottawa CAN"]
[Date "2002.04.18"]
[Round "6"]
[White "Page, Peter"]
[Black "Veltmann, Alfred"]
[Result "0-1"]
[WhiteElo "1454"]
[BlackElo "1735"]
[PlyCount "75"]
[EventDate "2002.04.04"]
[EventType "swiss"]
[EventRounds "6"]
[EventCountry "CAN"]

1. d4 d5 2. Nf3 Nf6 3. Nc3 e6 4. a3 c5 5. e3 Nc6 6. Be2 b6 7. O-O Bb7 8. Bb5 a6
9. Bxc6+ Bxc6 10. Ne5 Bb7 11. f4 Qc7 12. Ng4 Be7 13. Qf3 O-O-O 14. Qh3 Kb8 15.
Bd2 Ne4 16. Be1 f5 17. Ne5 Bf6 18. g4 fxg4 19. Nxg4 Nxc3 20. bxc3 cxd4 21. Bg3
Qxc3 22. f5+ e5 23. Bxe5+ Bxe5 24. Nxe5 Rhf8 25. Qg3 Qxe3+ 26. Kh1 Qxg3 27.
hxg3 Kc7 28. Rad1 Rd6 29. Nd3 Re8 30. Rf2 Re3 31. Kh2 Rf6 32. Kh3 Bc8 33. Kg4
Re4+ 34. Rf4 Bxf5+ 35. Kf3 Rxf4+ 36. Nxf4 Bxc2 37. Rxd4 Be4+ 38. Kg4 0-1

[Event "RA Winter op"]
[Site "Ottawa CAN"]
[Date "2002.01.12"]
[Round "2"]
[White "Schleifer, Michael"]
[Black "Pacey, Kevin"]
[Result "1-0"]
[WhiteElo "2455"]
[BlackElo "2339"]
[PlyCount "129"]
[EventDate "2002.01.12"]
[EventType "swiss"]
[EventRounds "5"]
[EventCountry "CAN"]

1. d4 e6 2. e4 d5 3. Nc3 Bb4 4. e5 c5 5. Bd2 Nc6 6. Nb5 Bxd2+ 7. Qxd2 cxd4 8.
f4 Nh6 9. Nd6+ Kf8 10. Bb5 Qa5 11. Nf3 Ng4 12. Bxc6 Qxd2+ 13. Kxd2 bxc6 14.
Nxd4 c5 15. Nb3 c4 16. Nc5 Ke7 17. h3 Nh6 18. b3 Rd8 19. Kc3 f6 20. bxc4 d4+
21. Kd3 fxe5 22. fxe5 Nf5 23. Nce4 Ba6 24. Nxf5+ exf5 25. Nc5 Bc8 26. Rab1 a6
27. Rb6 Ra7 28. Rc6 f4 29. Ke4 Bb7 30. Nxb7 Rxb7 31. Rxa6 Rc7 32. Ra4 Rb8 33.
Kxd4 Rd8+ 34. Kc3 Ke6 35. Re1 Rc6 36. Ra7 Rdc8 37. Re4 Kf5 38. Rd4 Rg6 39. Rf7+
Kxe5 40. Rfxf4 Rxg2 41. Rh4 h6 42. Rh5+ Ke6 43. a4 Re2 44. Rb5 Re3+ 45. Rd3 Re4
46. Kb3 Rexc4 47. c3 R4c6 48. a5 g5 49. h4 gxh4 50. Rh5 Rb8+ 51. Kc2 Kf7 52.
Rxh4 Rb5 53. Rd7+ Kg6 54. Ra7 Rbc5 55. Rh3 h5 56. Ra8 h4 57. a6 Kg7 58. a7 Rc7
59. Rxh4 Rxc3+ 60. Kb2 R3c6 61. Rg8+ Kxg8 62. a8=Q+ Rc8 63. Rg4+ Kh8 64. Qa1
R6c7 65. Kb3+ 1-0

[Event "RA Winter op"]
[Site "Ottawa CAN"]
[Date "2002.01.12"]
[Round "3"]
[White "Pacey, Kevin"]
[Black "De Kerpel, Stijn"]
[Result "0-1"]
[WhiteElo "2339"]
[BlackElo "2134"]
[PlyCount "74"]
[EventDate "2002.01.12"]
[EventType "swiss"]
[EventRounds "5"]
[EventCountry "CAN"]

1. e4 c5 2. Nf3 d6 3. d4 cxd4 4. Nxd4 Nf6 5. Nc3 a6 6. f4 e5 7. Nf3 Nbd7 8. Bd3
Be7 9. fxe5 dxe5 10. O-O O-O 11. Kh1 Qc7 12. Qe1 b5 13. Bg5 h6 14. Bxf6 Nxf6
15. Qg3 b4 16. Nd5 Nxd5 17. exd5 Bd6 18. Qh4 f5 19. Nd2 e4 20. Nxe4 Be5 21. d6
Qc6 22. Bc4+ Kh8 23. Qe7 Bb7 24. Qxe5 Qxc4 25. Nd2 Qxc2 26. Qd4 Qc6 27. Nf3
Rad8 28. Rad1 Rf6 29. d7 Rf7 30. Qxb4 Rfxd7 31. Rxd7 Qxd7 32. h3 Kh7 33. Nh4
Be4 34. Qb6 Qd3 35. Kg1 Rd6 36. Qc7 Qg3 37. Qc5 Rd2 0-1

[Event "RACC ch"]
[Site "Ottawa CAN"]
[Date "2002.01.03"]
[Round "1"]
[White "Page, P."]
[Black "Pacey, Kevin"]
[Result "0-1"]
[WhiteElo "1404"]
[BlackElo "2339"]
[PlyCount "80"]
[EventDate "2002.01.03"]
[EventType "swiss"]
[EventRounds "7"]
[EventCountry "CAN"]

1. d4 Nf6 2. c4 e5 3. e3 Bb4+ 4. Bd2 Qe7 5. dxe5 Ne4 6. Nf3 Nc6 7. Qc2 Nxd2 8.
Nbxd2 Nxe5 9. Be2 d6 10. h3 Bd7 11. a3 Bc5 12. O-O O-O 13. Nxe5 Qxe5 14. Nf3
Qe7 15. Nd2 Bb6 16. Bf3 c6 17. Qe4 Qf6 18. Qc2 Rae8 19. Ne4 Qg6 20. Qd3 Bf5 21.
Qxd6 Bxe4 22. Qxg6 hxg6 23. Be2 Rd8 24. b4 Rd2 25. Rfe1 Rfd8 26. c5 Bc7 27. f3
Bc2 28. f4 Be4 29. Kf2 R8d3 30. Rec1 Bxg2 31. Ke1 Rd7 32. h4 Bd8 33. Kf2 Be4
34. Kf1 Bf6 35. Rd1 Bxa1 36. Rxa1 Bd3 37. Re1 Rxe2 38. Rxe2 Rd5 39. Ke1 Bxe2
40. Kxe2 Rh5 0-1

[Event "RACC ch"]
[Site "Ottawa CAN"]
[Date "2002.01.03"]
[Round "1"]
[White "Veltmann, Alfred"]
[Black "Chyurlia, Jerome"]
[Result "1-0"]
[WhiteElo "1839"]
[BlackElo "1601"]
[PlyCount "69"]
[EventDate "2002.01.03"]
[EventType "swiss"]
[EventRounds "7"]
[EventCountry "CAN"]

1. d4 g6 2. Nc3 Bg7 3. g3 d6 4. Bg2 e5 5. e3 Nc6 6. Nge2 f5 7. dxe5 Nxe5 8. e4
c6 9. f4 Ng4 10. h3 N4f6 11. e5 dxe5 12. Qxd8+ Kxd8 13. fxe5 Ne8 14. Bg5+ Kc7
15. Bf4 Be6 16. Nd4 Kd7 17. Rd1 Ke7 18. h4 h6 19. Na4 Nc7 20. Nc5 Bc8 21. c4
Ne6 22. Ncxe6 Bxe6 23. b3 Rd8 24. Ke2 Kf7 25. Nxe6 Rxd1 26. Rxd1 Kxe6 27. Rd6+
Ke7 28. Rxg6 Bf8 29. Rd6 h5 30. Bg5+ Kf7 31. Rd7+ Ke6 32. Rxb7 Bc5 33. Bf4 Nh6
34. Bxc6 Be7 35. Bd5# 1-0

[Event "RACC ch"]
[Site "Ottawa CAN"]
[Date "2002.01.10"]
[Round "2"]
[White "Pacey, Kevin"]
[Black "Djerkovic, Miladin"]
[Result "1-0"]
[WhiteElo "2339"]
[BlackElo "2253"]
[PlyCount "49"]
[EventDate "2002.01.03"]
[EventType "swiss"]
[EventRounds "7"]
[EventCountry "CAN"]

1. d4 Nf6 2. c4 e6 3. Nc3 Bb4 4. e3 c5 5. Bd3 Nc6 6. Nf3 Bxc3+ 7. bxc3 d6 8.
O-O e5 9. d5 Ne7 10. Nd2 O-O 11. Qc2 g6 12. f4 exf4 13. Rxf4 Ng4 14. Ne4 Bf5
15. Rxg4 Bxg4 16. Nf6+ Kg7 17. Nxg4 f5 18. Nf2 g5 19. e4 f4 20. e5 dxe5 21. Ne4
Nxd5 22. cxd5 Qxd5 23. Nxg5 Rad8 24. Be4 Qd7 25. Ba3 1-0

[Event "RACC ch"]
[Site "Ottawa CAN"]
[Date "2002.01.17"]
[Round "3"]
[White "Danilov, Alex"]
[Black "Pacey, Kevin"]
[Result "0-1"]
[WhiteElo "1766"]
[BlackElo "2321"]
[PlyCount "116"]
[EventDate "2002.01.03"]
[EventType "swiss"]
[EventRounds "7"]
[EventCountry "CAN"]

1. c4 g6 2. g3 Bg7 3. Bg2 Nc6 4. e4 d6 5. Ne2 Be6 6. d3 Qc8 7. Nbc3 Bh3 8. O-O
Bxg2 9. Kxg2 e5 10. Be3 Nd4 11. Bxd4 exd4 12. Nb5 a6 13. Na3 Ne7 14. Rc1 O-O
15. Nc2 b5 16. b3 c5 17. cxb5 axb5 18. Ncxd4 Qb7 19. Nf3 Rxa2 20. Nc3 Rb2 21.
Re1 f5 22. Re2 fxe4 23. dxe4 Rxe2 24. Qxe2 b4 25. Qc4+ Kh8 26. Nd5 Nc6 27. Nf4
Nd4 28. Nd2 Bh6 29. f3 Bxf4 30. gxf4 Rxf4 31. Ra1 Kg7 32. Qa6 Qe7 33. Qa7 Rf7
34. Qxe7 Rxe7 35. Ra8 d5 36. Rc8 dxe4 37. fxe4 Ne6 38. Kf2 Ra7 39. Ke3 Ra1 40.
Kd3 Rc1 41. e5 Rc3+ 42. Ke4 Ng5+ 43. Kf4 Nh3+ 44. Kg4 Nf2+ 45. Kf4 Rd3 46. Nf3
Rxb3 47. Rc7+ Kf8 48. Rxh7 c4 49. Nd4 Nh3+ 50. Kg4 Nf2+ 51. Kf4 Rh3 52. Ne6+
Ke8 53. Nc7+ Kd8 54. Ne6+ Kc8 55. Rc7+ Kb8 56. Rxc4 Rh4+ 57. Ke3 Nd1+ 58. Kd2
Rxc4 0-1

[Event "RACC ch"]
[Site "Ottawa CAN"]
[Date "2002.01.17"]
[Round "3"]
[White "Gelblum, Robert"]
[Black "Veltmann, Alfred"]
[Result "1/2-1/2"]
[WhiteElo "2153"]
[BlackElo "1839"]
[PlyCount "87"]
[EventDate "2002.01.03"]
[EventType "swiss"]
[EventRounds "7"]
[EventCountry "CAN"]

1. e4 e5 2. f4 exf4 3. Nf3 d6 4. d4 g5 5. Bc4 Bg7 6. O-O Nc6 7. c3 h6 8. g3 Nf6
9. gxf4 g4 10. Nfd2 d5 11. exd5 Ne7 12. Qa4+ Kf8 13. Re1 Nexd5 14. Nf1 c6 15.
Qc2 Bd7 16. Na3 Qc7 17. Qf2 Bf5 18. Ng3 Qd7 19. Bd2 Ne8 20. Re2 Nd6 21. Bb3 Bd3
22. Ree1 h5 23. Bc2 Bxc2 24. Nxc2 f5 25. b3 h4 26. Nf1 Ne4 27. Rxe4 fxe4 28. c4
e3 29. Nfxe3 Nxe3 30. Bxe3 Re8 31. f5 Bf6 32. Rd1 Rh5 33. d5 Rxf5 34. Qe2 cxd5
35. cxd5 Kf7 36. d6 b5 37. Qd3 Kg7 38. Bd4 Be5 39. Bxe5+ Rfxe5 40. Qd4 Kg6 41.
Rf1 h3 42. Qd3+ Kg5 43. Qd2+ Kg6 44. Qd3+ 1/2-1/2

[Event "RACC ch"]
[Site "Ottawa CAN"]
[Date "2002.01.24"]
[Round "4"]
[White "Friis, Torben"]
[Black "Veltmann, Alfred"]
[Result "0-1"]
[WhiteElo "1724"]
[BlackElo "1839"]
[PlyCount "34"]
[EventDate "2002.01.03"]
[EventType "swiss"]
[EventRounds "7"]
[EventCountry "CAN"]

1. e4 e5 2. Nf3 Nc6 3. Bb5 Nf6 4. d3 d6 5. Bg5 h6 6. Bh4 g5 7. Bg3 Bg7 8. Nbd2
O-O 9. Bxc6 bxc6 10. Rb1 Be6 11. b3 Nh5 12. O-O Nf4 13. Bxf4 exf4 14. Ne1 g4
15. f3 Bd4+ 16. Kh1 g3 17. h3 Qh4 0-1

[Event "RACC ch"]
[Site "Ottawa CAN"]
[Date "2002.01.24"]
[Round "4"]
[White "Pacey, Kevin"]
[Black "Barclay, Wayne"]
[Result "1-0"]
[WhiteElo "2321"]
[BlackElo "2254"]
[PlyCount "149"]
[EventDate "2002.01.03"]
[EventType "swiss"]
[EventRounds "7"]
[EventCountry "CAN"]

1. e4 e6 2. d4 d5 3. Nc3 Bb4 4. e5 c5 5. a3 Bxc3+ 6. bxc3 Ne7 7. Nf3 Bd7 8. a4
Qa5 9. Bd2 Nbc6 10. Be2 f6 11. O-O c4 12. Qb1 Ng6 13. Qb5 Qc7 14. Qc5 b6 15.
Qa3 fxe5 16. Nxe5 Ncxe5 17. dxe5 Qxe5 18. Be3 Kf7 19. Bg4 Rhe8 20. a5 b5 21.
Rae1 Qc7 22. Bc5 Qf4 23. h3 Kg8 24. Re3 a6 25. Rfe1 Nf8 26. Bd6 Qf7 27. Qc5
Rac8 28. Qd4 Rc6 29. Rf3 Qg6 30. Qf4 h5 31. Bxh5 Qxh5 32. Re5 Qxf3 33. Qxf3
Rxd6 34. Qg3 Rc6 35. h4 Nh7 36. h5 Rf8 37. h6 Rf7 38. Rh5 Rc8 39. Qd6 Ra8 40.
hxg7 Rxg7 41. Rxd5 Rf8 42. Re5 Bc8 43. Re3 Ng5 44. Rg3 Ne4 45. Rxg7+ Kxg7 46.
Qe5+ Nf6 47. Qc7+ Kg6 48. Qg3+ Kf7 49. Qc7+ Nd7 50. f4 Rg8 51. Kf2 Kg6 52. Qc6
Nf6 53. Kf3 Nd5 54. g4 Rf8 55. f5+ Kg7 56. Kg3 exf5 57. Qxd5 fxg4 58. Qe5+ Kg6
59. Kh4 Bf5 60. Qd6+ Rf6 61. Qd8 Rf7 62. Qg5+ Kh7 63. Kh5 Bxc2 64. Qh6+ Kg8 65.
Qxa6 Rh7+ 66. Kxg4 Rg7+ 67. Kf4 Rf7+ 68. Ke3 Ba4 69. Qg6+ Kf8 70. Qd6+ Re7+ 71.
Kd4 Ke8 72. Qb8+ Kf7 73. a6 b4 74. cxb4 Bc6 75. Kxc4 1-0

[Event "RACC ch"]
[Site "Ottawa CAN"]
[Date "2002.01.31"]
[Round "5"]
[White "Holmes, Mike"]
[Black "Pacey, Kevin"]
[Result "0-1"]
[WhiteElo "1820"]
[BlackElo "2321"]
[PlyCount "124"]
[EventDate "2002.01.03"]
[EventType "swiss"]
[EventRounds "7"]
[EventCountry "CAN"]

1. e4 e6 2. d4 d5 3. exd5 exd5 4. c4 Bb4+ 5. Nc3 Qe7+ 6. Be3 Nf6 7. a3 Bxc3+ 8.
bxc3 Ng4 9. Qd2 dxc4 10. Bxc4 O-O 11. Nf3 Be6 12. Bxe6 Qxe6 13. O-O Nxe3 14.
Qxe3 Qxe3 15. fxe3 Nd7 16. e4 Rae8 17. Rae1 Nb6 18. Ne5 f6 19. Nd3 Nc4 20. Rf2
Rf7 21. a4 Rfe7 22. Rfe2 Nd6 23. e5 fxe5 24. dxe5 Nf7 25. c4 Nd8 26. Nf4 Ne6
27. Nd5 Rf7 28. a5 c6 29. Nc3 Nc5 30. Ne4 Nxe4 31. Rxe4 Rd8 32. e6 Re7 33. c5
Rd5 34. Re5 Rxe5 35. Rxe5 g6 36. g4 Kf8 37. g5 Ke8 38. Kf2 b6 39. axb6 axb6 40.
cxb6 Rb7 41. Ra5 Rxb6 42. Ra8+ Ke7 43. Ra7+ Kxe6 44. Rxh7 Kf5 45. h4 Kg4 46.
Rg7 c5 47. Rc7 Rb2+ 48. Ke3 Rb3+ 49. Kd2 Kxh4 50. Rxc5 Rg3 51. Ke2 Rxg5 52. Rc8
Rf5 53. Rc3 g5 54. Rc4+ g4 55. Rc8 Kg3 56. Rg8 Kh3 57. Rh8+ Kg2 58. Rg8 Re5+
59. Kd2 g3 60. Rc8 Kg1 61. Rg8 g2 62. Rg7 Rh5 0-1

[Event "RACC ch"]
[Site "Ottawa CAN"]
[Date "2002.01.31"]
[Round "5"]
[White "Veltmann, Alfred"]
[Black "Horvat, Miro"]
[Result "0-1"]
[WhiteElo "1839"]
[BlackElo "2033"]
[PlyCount "47"]
[EventDate "2002.01.03"]
[EventType "swiss"]
[EventRounds "7"]
[EventCountry "CAN"]

1. e4 d6 2. d4 g6 3. Nf3 Bg7 4. Bc4 c6 5. O-O Nf6 6. e5 Nd5 7. exd6 Qxd6 8. c3
Nd7 9. Na3 O-O 10. Nc2 N7f6 11. Bg5 Ne4 12. Bh4 Bg4 13. Bxd5 cxd5 14. Nce1 Rae8
15. h3 Bd7 16. Nd3 f6 17. Nd2 f5 18. Nxe4 dxe4 19. Bg3 Qb6 20. Nc5 Bb5 21. Re1
g5 22. f4 gxf4 23. Bxf4 e5 24. a4 0-1

[Event "RACC ch"]
[Site "Ottawa CAN"]
[Date "2002.02.06"]
[Round "6"]
[White "Kuryliw, Ray"]
[Black "Veltmann, Alfred"]
[Result "1-0"]
[WhiteElo "1987"]
[BlackElo "1839"]
[PlyCount "85"]
[EventDate "2002.01.03"]
[EventType "swiss"]
[EventRounds "7"]
[EventCountry "CAN"]

1. e4 e5 2. Nc3 Nf6 3. f4 d6 4. Nf3 Bg4 5. Be2 Nc6 6. d3 Bxf3 7. Bxf3 Nd4 8.
O-O c6 9. Ne2 Nxf3+ 10. Rxf3 Qc7 11. Ng3 Ng4 12. Qf1 O-O-O 13. h3 Nf6 14. fxe5
dxe5 15. Be3 Rd7 16. Qf2 b6 17. a4 Ne8 18. a5 b5 19. c4 bxc4 20. dxc4 Nd6 21.
b3 h6 22. Bc5 f6 23. Bxd6 Qxd6 24. Kh2 Qd4 25. Qa2 Bb4 26. Qa4 Qc5 27. Nf5 g6
28. Nh4 f5 29. Nxg6 fxe4 30. Rf6 Rd6 31. Rxd6 Qxd6 32. Nxh8 Bc3 33. Rf1 e3 34.
Nf7 Qc7 35. Qa2 e4+ 36. Kh1 Bd2 37. Nxh6 Qd6 38. Nf5 Qd3 39. Nxe3 Qxe3 40. Rd1
Bb4 41. a6 Qc3 42. Qf2 e3 43. Qf7 1-0

[Event "RACC ch"]
[Site "Ottawa CAN"]
[Date "2002.02.07"]
[Round "6"]
[White "Pacey, Kevin"]
[Black "De Kerpel, Stijn"]
[Result "1-0"]
[WhiteElo "2321"]
[BlackElo "2147"]
[PlyCount "108"]
[EventDate "2002.01.03"]
[EventType "swiss"]
[EventRounds "7"]
[EventCountry "CAN"]

1. e4 c5 2. Nf3 d6 3. d4 Nf6 4. Nc3 cxd4 5. Nxd4 a6 6. Be2 e5 7. Nf5 d5 8. Bg5
d4 9. Bxf6 gxf6 10. Nb1 Qb6 11. Nd2 Be6 12. O-O Nc6 13. Bd3 h5 14. Qe2 O-O-O
15. a3 Ne7 16. c4 Ng6 17. g3 Qc6 18. Qf3 Ne7 19. Nxe7+ Bxe7 20. b4 Qd7 21. Rfc1
Bg4 22. Qh1 f5 23. exf5 Bg5 24. Rc2 Bxd2 25. Rxd2 Bxf5 26. b5 Bxd3 27. Rxd3
axb5 28. cxb5 Qxb5 29. Qe4 Kb8 30. Re1 Rhe8 31. Qf5 Qd5 32. Red1 Qc4 33. R3d2
e4 34. Qxh5 d3 35. Qg4 Qd5 36. Qf4+ Ka8 37. Rb2 Qe5 38. Qd2 Rc8 39. Qb4 Qd5 40.
Rdb1 Rc4 41. Qd2 Rec8 42. Qe3 Qc5 43. Qh6 Rc1+ 44. Kg2 Rxb1 45. Rxb1 Qd5 46.
Qe3 d2 47. Rd1 Rc2 48. h4 f5 49. Kh2 Kb8 50. Qf4+ Kc8 51. Qh6 Qd3 52. Qh8+ Kd7
53. Qg7+ Kd6 54. Qxb7 Ke5 1-0

[Event "RACC ch"]
[Site "Ottawa CAN"]
[Date "2002.02.14"]
[Round "7"]
[White "Patterson, Roger"]
[Black "Pacey, Kevin"]
[Result "0-1"]
[WhiteElo "2226"]
[BlackElo "2321"]
[PlyCount "54"]
[EventDate "2002.01.03"]
[EventType "swiss"]
[EventRounds "7"]
[EventCountry "CAN"]

1. e4 Nc6 2. d4 e5 3. Nf3 exd4 4. Nxd4 Qf6 5. Be3 Bc5 6. c3 Nge7 7. f4 d5 8. e5
Qg6 9. Qd2 Qg4 10. Bd3 Bb6 11. O-O Nxd4 12. cxd4 Nf5 13. h3 Qh4 14. Bf2 Bxd4
15. Bb5+ c6 16. Bxd4 cxb5 17. Bc5 Bd7 18. Qxd5 Bc6 19. Qd3 Qg3 20. Qxg3 Nxg3
21. Re1 O-O-O 22. Kh2 Rd3 23. Nc3 Rd2 24. Kxg3 Rxg2+ 25. Kh4 h6 26. f5 g5+ 27.
fxg6 fxg6 0-1

[Event "Remembrance Day op"]
[Site "Toronto CAN"]
[Date "2002.11.08"]
[Round "1"]
[White "Bailey, Doug"]
[Black "Demmery, Steve"]
[Result "1-0"]
[WhiteElo "2306"]
[BlackElo "2108"]
[PlyCount "89"]
[EventDate "2002.11.08"]
[EventType "swiss"]
[EventRounds "5"]
[EventCountry "CAN"]

1. e4 c5 2. Nf3 e6 3. d4 cxd4 4. Nxd4 a6 5. Bd3 Nc6 6. Be3 Nf6 7. Nd2 d5 8. O-O
Be7 9. Re1 O-O 10. exd5 Qxd5 11. c4 Qd7 12. Nxc6 Qxc6 13. Qc2 b5 14. Ne4 Bb7
15. Bd4 Kh8 16. Rac1 Rac8 17. f3 bxc4 18. Bxc4 Nxe4 19. Rxe4 Bc5 20. Kh1 Bxd4
21. Rxd4 Rfd8 22. Rh4 h6 23. Rd1 Qb6 24. b3 Bd5 25. Rhd4 Bxc4 26. Rxd8+ Rxd8
27. Rxd8+ Qxd8 28. bxc4 Qa5 29. g3 Kg8 30. c5 Qb5 31. Kg2 Qc6 32. Qc4 Kf8 33.
Kf2 Ke7 34. Qd4 f6 35. f4 g5 36. fxg5 hxg5 37. h4 g4 38. Qc3 Qh1 39. c6 Qh2+
40. Ke1 Qh1+ 41. Kd2 Qd5+ 42. Kc1 Kd8 43. Qd2 Kc7 44. Qxd5 exd5 45. h5 1-0

[Event "Remembrance Day op"]
[Site "Toronto CAN"]
[Date "2002.11.08"]
[Round "1"]
[White "Benson, Chris"]
[Black "Okolotowicz, Zbigniew"]
[Result "1/2-1/2"]
[WhiteElo "2022"]
[BlackElo "2235"]
[PlyCount "85"]
[EventDate "2002.11.08"]
[EventType "swiss"]
[EventRounds "5"]
[EventCountry "CAN"]

1. e4 c5 2. c3 d6 3. d4 Qc7 4. Bb5+ Bd7 5. Bxd7+ Nxd7 6. Ne2 Ngf6 7. f3 g6 8.
O-O Bg7 9. Be3 O-O 10. Qd2 Rfe8 11. Kh1 Rac8 12. Na3 Qa5 13. Rfd1 c4 14. Nc2
Nb6 15. a3 Qb5 16. Rab1 Nbd7 17. Bh6 Bh8 18. Be3 Qa4 19. Nb4 Qb5 20. Nc2 Nb8
21. Nb4 Nc6 22. Nc1 Bg7 23. Bh6 Qh5 24. Bxg7 Kxg7 25. Nxc6 bxc6 26. b3 Rb8 27.
b4 Rb5 28. Ne2 Rg5 29. Nf4 Qh4 30. Nh3 Rb5 31. Qf4 Qxf4 32. Nxf4 e6 33. Kg1
Reb8 34. Kf1 d5 35. Re1 R5b6 36. Ra1 R8b7 37. exd5 cxd5 38. a4 a6 39. Ra2 h5
40. h4 Kf8 41. Rae2 Kg7 42. Re3 Rb8 43. R1e2 1/2-1/2

[Event "Remembrance Day op"]
[Site "Toronto CAN"]
[Date "2002.11.08"]
[Round "1"]
[White "Buscar, Michael"]
[Black "Filipovich, David"]
[Result "0-1"]
[WhiteElo "2070"]
[BlackElo "2294"]
[PlyCount "102"]
[EventDate "2002.11.08"]
[EventType "swiss"]
[EventRounds "5"]
[EventCountry "CAN"]

1. d4 d5 2. c4 c6 3. Nf3 Nf6 4. Nc3 dxc4 5. e3 b5 6. a4 b4 7. Na2 e6 8. Bxc4
Bb7 9. Bd2 a5 10. Nc1 Be7 11. Nb3 Nbd7 12. O-O O-O 13. Qe2 c5 14. Rfd1 Qb6 15.
Be1 Rac8 16. dxc5 Nxc5 17. Nfd4 Rfd8 18. f3 Nxb3 19. Nxb3 e5 20. Bf2 e4 21. Nd4
exf3 22. gxf3 Bc5 23. Nf5 Re8 24. Rac1 g6 25. Nh6+ Kg7 26. Nxf7 Rxe3 27. Bxe3
Bxe3+ 28. Kf1 Bxc1 29. Nd6 Rc7 30. Qe5 Qe3 31. Ne8+ Kh6 32. Qxe3+ Bxe3 33. Nxc7
Bxf3 34. Rd3 Ng4 35. h3 Nh2+ 36. Ke1 Bf4 37. Nd5 Bg3+ 38. Kd2 Kg5 39. Ke3 Kh4
40. Nf4 g5 41. Ne6 h5 42. Rd8 Be5 43. b3 g4 44. hxg4 hxg4 45. Rg8 Kg3 46. Rg5
Bb2 47. Kd2 Kf2 48. Nf4 Bc3+ 49. Kc1 Be4 50. Nh5 Bd2+ 51. Kxd2 Nf3+ 0-1

[Event "Remembrance Day op"]
[Site "Toronto CAN"]
[Date "2002.11.08"]
[Round "1"]
[White "Findlay, Ian"]
[Black "Stevens, Christian"]
[Result "0-1"]
[WhiteElo "2365"]
[BlackElo "2206"]
[PlyCount "56"]
[EventDate "2002.11.08"]
[EventType "swiss"]
[EventRounds "5"]
[EventCountry "CAN"]

1. e4 c5 2. Nf3 d6 3. d4 cxd4 4. Nxd4 Nf6 5. Nc3 a6 6. f4 e5 7. Nf3 Qc7 8. Bd3
Nbd7 9. O-O Be7 10. a4 b6 11. Kh1 O-O 12. Qe1 Bb7 13. fxe5 dxe5 14. Qg3 Nh5 15.
Qh3 Nf4 16. Bxf4 exf4 17. e5 g6 18. e6 Nc5 19. exf7+ Kg7 20. Bc4 Bf6 21. Nd5
Bxd5 22. Bxd5 Rad8 23. c4 b5 24. axb5 axb5 25. b4 bxc4 26. Bxc4 Ne4 27. Qe6
Nf2+ 28. Rxf2 Bxa1 0-1

[Event "Remembrance Day op"]
[Site "Toronto CAN"]
[Date "2002.11.08"]
[Round "1"]
[White "Kret, Ted"]
[Black "Leung, Victor"]
[Result "1-0"]
[WhiteElo "2217"]
[BlackElo "1998"]
[PlyCount "63"]
[EventDate "2002.11.08"]
[EventType "swiss"]
[EventRounds "5"]
[EventCountry "CAN"]

1. d4 Nf6 2. c4 g6 3. Nc3 d5 4. cxd5 Nxd5 5. e4 Nxc3 6. bxc3 Bg7 7. Nf3 O-O 8.
Rb1 c5 9. Be2 cxd4 10. cxd4 Qa5+ 11. Bd2 Qxa2 12. O-O Qe6 13. Re1 Qd7 14. h4
Nc6 15. d5 Ne5 16. Nxe5 Bxe5 17. h5 a6 18. Bh6 Re8 19. f4 Bh8 20. hxg6 fxg6 21.
Bc4 b5 22. Ba2 e6 23. f5 gxf5 24. exf5 Bg7 25. Qg4 Qa7+ 26. Be3 exf5 27. Bxa7
Rxe1+ 28. Rxe1 fxg4 29. d6+ Kf8 30. d7 Bd4+ 31. Bxd4 Bxd7 32. Bc5+ 1-0

[Event "Remembrance Day op"]
[Site "Toronto CAN"]
[Date "2002.11.08"]
[Round "1"]
[White "Lucki, Arnie"]
[Black "Southam, David"]
[Result "1/2-1/2"]
[WhiteElo "1955"]
[BlackElo "2210"]
[PlyCount "69"]
[EventDate "2002.11.08"]
[EventType "swiss"]
[EventRounds "5"]
[EventCountry "CAN"]

1. d4 d5 2. Bf4 Bf5 3. e3 e6 4. Nf3 Nf6 5. Bd3 Bd6 6. Ne5 Nbd7 7. Bxf5 exf5 8.
Qd3 g6 9. Nc3 Qe7 10. Nxd7 Qxd7 11. Be5 Bxe5 12. dxe5 Ng4 13. Qd4 O-O 14. h3 c5
15. Qf4 d4 16. O-O-O Qe7 17. hxg4 dxc3 18. Rxh7 cxb2+ 19. Kb1 Kxh7 20. Rh1+ Kg8
21. Qh6 f6 22. Qh8+ Kf7 23. Rh7+ Ke6 24. Rxe7+ Kxe7 25. exf6+ Ke6 26. gxf5+
gxf5 27. Qh4 Rac8 28. e4 fxe4 29. Qxe4+ Kxf6 30. Qxb7 Rb8 31. Qc6+ Kg7 32. Qxc5
Rh8 33. Qe5+ Kg6 34. Qe4+ Kg7 35. Qe5+ 1/2-1/2

[Event "Remembrance Day op"]
[Site "Toronto CAN"]
[Date "2002.11.08"]
[Round "1"]
[White "Noritsyn, Nikolay"]
[Black "Ochkoos, Jura"]
[Result "1/2-1/2"]
[WhiteElo "2124"]
[BlackElo "2350"]
[PlyCount "127"]
[EventDate "2002.11.08"]
[EventType "swiss"]
[EventRounds "5"]
[EventCountry "CAN"]

1. e4 e5 2. Nf3 Nc6 3. Nc3 Nf6 4. Bb5 d6 5. d4 exd4 6. Nxd4 Bd7 7. O-O Be7 8.
Re1 O-O 9. Bg5 Nxd4 10. Qxd4 Bxb5 11. Nxb5 Ng4 12. Bxe7 Qxe7 13. e5 Nxe5 14. f4
Qd7 15. fxe5 Qxb5 16. exd6 cxd6 17. c4 Qb4 18. b3 Rfe8 19. Kf1 b6 20. Rad1 Qa5
21. Rxe8+ Rxe8 22. Qxd6 g6 23. Qd2 Qe5 24. Kg1 Qe2 25. h3 h5 26. Qd7 Qe3+ 27.
Kh1 Re7 28. Qd2 Qxd2 29. Rxd2 Re1+ 30. Kh2 Ra1 31. Kg3 Kg7 32. Kf4 Kf6 33. Rd6+
Ke7 34. Rd2 f6 35. Ke4 Ke6 36. Kf3 g5 37. Kg3 Rc1 38. Kf3 f5 39. Ke3 h4 40. Kd4
Rf1 41. Ke3 g4 42. hxg4 fxg4 43. Rd4 h3 44. gxh3 gxh3 45. Rh4 Rh1 46. Kf3 Kd6
47. b4 Rc1 48. Rxh3 Rxc4 49. Rh7 a6 50. Ra7 Rc3+ 51. Ke4 Ra3 52. Kd4 Rxa2 53.
Kc4 Ra3 54. Rh7 b5+ 55. Kd4 Ke6 56. Rh6+ Kf5 57. Kc5 Ra1 58. Rd6 Ke5 59. Rd8
Ke4 60. Kb6 Ra4 61. Kc5 Ra2 62. Kb6 Ra3 63. Rd7 Ra4 64. Kc5 1/2-1/2

[Event "Remembrance Day op"]
[Site "Toronto CAN"]
[Date "2002.11.09"]
[Round "2"]
[White "Findlay, Ian"]
[Black "Lucki, Arnie"]
[Result "1-0"]
[WhiteElo "2365"]
[BlackElo "1955"]
[PlyCount "37"]
[EventDate "2002.11.08"]
[EventType "swiss"]
[EventRounds "5"]
[EventCountry "CAN"]

1. e4 c6 2. d4 d5 3. exd5 cxd5 4. c4 Nf6 5. Nc3 Nc6 6. Nf3 Bg4 7. cxd5 Bxf3 8.
Qxf3 Nxd4 9. Qd1 e5 10. dxe6 Nxe6 11. Bb5+ Nd7 12. O-O a6 13. Bc4 Ne5 14. Qe2
Qc8 15. Be3 Be7 16. Nd5 Qc6 17. Rac1 b5 18. Nxe7 Kxe7 19. Bxe6 1-0

[Event "Remembrance Day op"]
[Site "Toronto CAN"]
[Date "2002.11.09"]
[Round "2"]
[White "Okolotowicz, Zbigniew"]
[Black "Miller, Evgeny"]
[Result "0-1"]
[WhiteElo "2235"]
[BlackElo "2207"]
[PlyCount "86"]
[EventDate "2002.11.08"]
[EventType "swiss"]
[EventRounds "5"]
[EventCountry "CAN"]

1. e4 c6 2. Nc3 d5 3. d4 dxe4 4. Nxe4 Nd7 5. Bc4 Ngf6 6. Ng5 e6 7. Qe2 Nb6 8.
Bb3 h6 9. N5f3 c5 10. dxc5 Bxc5 11. Ne5 O-O 12. Ngf3 Nbd7 13. O-O Nxe5 14. Nxe5
Qe7 15. Be3 Nd7 16. Bf4 Nxe5 17. Qxe5 Bd7 18. Rad1 Bb5 19. Rfe1 Rad8 20. Qh5
Bc6 21. c3 Qf6 22. Bg3 Bb6 23. Bc2 Rd5 24. Rxd5 Bxd5 25. Qe2 Rd8 26. Bb1 Qg5
27. Rd1 h5 28. c4 h4 29. cxd5 hxg3 30. hxg3 Rxd5 31. Rxd5 Qxd5 32. b3 g6 33.
Be4 Qe5 34. Qf3 Qa1+ 35. Kh2 Qxa2 36. Kg1 Qd2 37. Bxb7 Qe1+ 38. Kh2 Bxf2 39.
Qf6 Bxg3+ 40. Kh3 Be5 41. Qg5 Qh1+ 42. Kg4 f5+ 43. Kf3 Qf1+ 0-1